000
00326nam a2200133Ia 4500
008
220216s9999 xx 000 0 und d
100
_a
Davies O L
245
0
_a
Errors in tensile strength testing
260
_b
IRI Transactions
_c
1936
300
_a
85-92
650
_a
Tensile strength
700
_a
Horrobin S
942
_c
JS
999
_c
58761
_d
58761